Socio-economic evaluation of the potential for Australian tree species in the Philippines / (Record no. 16006)
[ view plain ]
| 000 -LEADER | |
|---|---|
| fixed length control field | 00632cam a2200217 a 4500 |
| 020 ## - INTERNATIONAL STANDARD BOOK NUMBER | |
| ISBN | 0642455988 |
| 020 ## - INTERNATIONAL STANDARD BOOK NUMBER | |
| ISBN | 9780642455987 |
| 040 ## - CATALOGING SOURCE | |
| Transcribing agency | AGL |
| 082 ## - DEWEY DECIMAL CLASSIFICATION NUMBER | |
| Classification number | 634 ACI 2000 A090 Or. |
| 100 1# - MAIN ENTRY--AUTHOR NAME | |
| Personal name | Harrison, Steve. |
| 245 10 - TITLE STATEMENT | |
| Title | Socio-economic evaluation of the potential for Australian tree species in the Philippines / |
| 260 ## - PUBLICATION, DISTRIBUTION, ETC. (IMPRINT) | |
| Place of publication | Canberra : |
| Name of publisher | ACIAR, |
| Year of publication | 2000. |
| 300 ## - PHYSICAL DESCRIPTION | |
| Number of Pages | viii, 192 p. : |
| Other physical details | ill. ; |
| Dimensions | 21 cm. |
| 490 1# - SERIES STATEMENT | |
| Series statement | ACIAR monograph series ; |
| 650 #0 - SUBJECT ADDED ENTRY--TOPICAL TERM | |
| Topical Term | Trees |
| 650 #0 - SUBJECT ADDED ENTRY--TOPICAL TERM | |
| Topical Term | Trees |
| 650 #0 - SUBJECT ADDED ENTRY--TOPICAL TERM | |
| Topical Term | Trees |
| 700 1# - ADDED ENTRY--PERSONAL NAME | |
| Personal name | Herbohn, John. |
| 710 2# - ADDED ENTRY--CORPORATE NAME | |
| Corporate name or jurisdiction name as entry element | Australian Centre for International Agricultural Research. |
| 942 ## - ADDED ENTRY ELEMENTS (KOHA) | |
| Koha item type | សៀវភៅភាសាអង់គ្លេស |
| 952 ## - LOCATION AND ITEM INFORMATION (KOHA) | |
| Withdrawn status [LOCAL, KOHA] | 0 |
| Permanent Location | Date acquired | Koha item type | Lost status | Shelving location | Barcode | Current Location | Full call number |
|---|---|---|---|---|---|---|---|
| Library Block A | 2017-12-25 | សៀវភៅភាសាអង់គ្លេស | A090 | A28577 | Library Block A | 634 ACI 2000 A090 Or. |